Election of 1792 Trivia - Statistics

General Stats
  • This quiz has been taken 38 times
  • The average score is 15 of 17
Answer Stats
Hint Answer % Correct
Their Party Federalist
100%
Only Major Candidate and Victor George Washington
100%
2nd Place Candidate and Vice President Victor John Adams
100%
Their Home State Massachusetts
100%
Their Home State New York
100%
New York
100%
Their Home State Virginia
100%
Rhode Island
96%
Vermont
96%
Their Party Democratic-Republican
92%
3rd Place Candidate George Clinton
92%
Their Party Independent
92%
States Which This Was Their First Election Kentucky
92%
North Carolina
92%
Other Candidates Who Got Atleast 1 Electoral Vote Thomas Jefferson
68%
Aaron Burr
56%
This was the Last Election in US History in Which a _____ _____ Candidate Won Third Party
24%
No matching quizzes found
Score Distribution
Percent of People with Each Score
Percentile by Number Answered
Your Score History
You have not taken this quiz